00554nam a2200133Ia 4500008004100000100002300041245014500064245006100209260005300270260001300323300000800336650001500344856006100359170221s9999 xx 000 0 und d aJones Lewis Arthur aAssessing the Effectiveness of National Service Scheme: Exploring the Perceptions of Service Personnel in the Sunyani Municipality of Ghana  cJones Lewis Arthur, Kwaku Amofah, Abigail Owusu-Banahene bInternational Review of Management and Marketing cMay 2015 a4:2 xMarketing. uhttp://www.econjournals.com/index.php/irmm/issue/view/64